| 000 | 01212nam0a2200337 i 4500 | ||
|---|---|---|---|
| 001 | RU\NLR\BIBL_A\010875505 | ||
| 005 | 20241115073537.0 | ||
| 010 |
_a9785389088528 _96000 |
||
| 021 |
_aRU _b2015-74026 _94458 |
||
| 035 | _a(NILC)RuMoRGB-008028660 | ||
| 035 | _a(NLR Aleph) 010875505 | ||
| 090 |
_a10478686 _c10478686 |
||
| 100 | _a20151026d2015 cd y0rusy50 ca | ||
| 101 | 1 |
_arus _ceng |
|
| 102 | _aRU | ||
| 105 | _aa g 000yy | ||
| 200 | 1 |
_aЗвёзды и планеты _e50 шагов в мир знаний _e[для среднего школьного возраста _fСью Беклейк _gпер. с англ. Юрия Амченкова] |
|
| 210 |
_aМосква _cМахаон _d2015 |
||
| 215 |
_a55, [1] с. _cцв. ил. _d26 |
||
| 225 | 1 | _aПрактическая энциклопедия | |
| 333 | _a0+ | ||
| 606 |
_aЗанимательная астрономия _jЭнциклопедии _92202804 _3RU\NLR\AUTH\661323623 |
||
| 675 | _a52 | ||
| 686 | 1 | _aВ6я20 | |
| 702 | 1 |
_aБеклейк _bС. _gСью _4220 |
|
| 801 | 0 |
_aRU _bРГБ _c20150925 _gRCR |
|
| 801 | 1 |
_aRU _bРГБ _c20150925 _2rusmarc |
|
| 942 | _cBOOK | ||
| 980 | _aNBR | ||